01597cam a2200313 i 450000100090000000300050000900500170001400800410003101000170007202000420008904000230013104200080015405000250016208200220018710000500020924501470025925000190040626400470042530000460047233600210051833700250053933800230056450504510058765000360103890600450107494200120111999900190113195201330115017745746NUST20221115122607.0130520s2013 nyua b 001 0 eng  a 2013015637 a9780071621274 (hardcover: alk. paper) aDLCbengcDLCerda apcc00aTK6592.O94bF33 201300a621.3848, FAB2231 aFabrizio, Giuseppe Aureliano,eauthor.96955210aHigh frequency over-the-horizon radar :bfundamental principles, signal processing, and practical applications /cGiuseppe Aureliano Fabrizio. aFirst edition. 1aNew York :bMcGraw-Hill Education,c[2013] axxii, 922 pages :billustrations ;c24 cm atext2rdacontent aunmediated2rdamedia avolume2rdacarrier0 aIntroduction (Page-1), Skywave propagation (Page-45),System characteristics (Page-121),Conventional processing (Page-215),Surface-wave radar (Page-323),Wave-interference model (Page-433),Statistical signal model (Page-475),HF channel simulator (Page-523),Interference cancellation analysis (Page-555),Adaptive beamforming (Page-583),Space-time adaptive processing (Page-651),GLRT detection schemes (Page-707),Blind waveform estimation (Page-771). 0aOver-the-horizon radar.9102631 a7bcbccorignewd1eecipf20gy-gencatlg 2ddccBK c592311d592311 00102ddc4070aMCSbMCScREFd2022-11-15o621.3848,FABpMCS38128r2022-11-15w2022-11-15yREFzAlmirah Fresh No.45, Shelf No.4